| 000 | 00680pam a2200229 4500 | ||
|---|---|---|---|
| 999 |
_c782 _d782 |
||
| 001 | 2033 | ||
| 003 | BD-DhUAP | ||
| 005 | 20200128095102.0 | ||
| 008 | 200128s1975 nyua b 001 0 eng | ||
| 020 | _a0070465193 | ||
| 040 |
_aDLC _cDLC _dBD-DhUAP |
||
| 050 | 0 | 0 |
_aHB171.5 _b.N595 |
| 082 | 0 | 0 |
_a330 NIC _223 |
| 100 | 1 | _aNickson, Jack W. | |
| 245 | 1 | 0 |
_aEconomics and social choice : _b microeconomics / _cJack W. Nickson. |
| 260 |
_aNew York : _bMcGraw-Hill _cc1975. |
||
| 300 |
_axiv, 346 pages : _billustrations ; _c23 cm. |
||
| 504 | _aIncludes bibliographical references. | ||
| 650 | 0 | _aMicroeconomics. | |
| 906 |
_a7 _bcbc _corignew _d1 _eocip _f19 _gy-gencatlg |
||
| 942 |
_2ddc _cBK |
||